000 00625nmm a2200241 a 4500
003 AR-BaBNM
005 20251128202855.0
008 037019s1943 ||||||||||||||000 | spa||
040 _cAR-BaBNM
100 1 _aYgobone, Aquiles D.
245 1 0 _aEl deber argentino ante la Patagonia
260 _aBuenos Aires
_bEL autor
_c1943
300 0 _a101 p.
_bláms., tablas
650 4 _aINMIGRACION EN ARGENTINA
650 4 _aGEOGRAFIA FISICA
650 4 _aHISTORIA ECONOMICA
650 4 _aREFORMA JURIDICA
650 4 _aHISTORIA PATAGONICA
651 4 _aPatagonia
651 4 _aArgentina
942 _cBK
998 _cmariana
999 _c987
_d987